Samoloty - Statystyki

Ogólne statystyki
  • Ten quiz został rozwiązany 809 razy
  • Średni wynik to 10 z 16
Statystyki odpowiedzi
Obrazkowy Odpowiedź % Poprawnych
Boeing 747
95%
Boeing 737
93%
Boeing 777
87%
Airbus A320
85%
Airbus A380
84%
Boeing 787
79%
Boeing 757
77%
Airbus A340
73%
Boeing 767
67%
Airbus A330
64%
Airbus A321
63%
Embraer 170
43%
Antonov 225
42%
Embraer 190
42%
IŁ 76
28%
Tecnam P2006T
5%
Nie znaleziono quizów pasujących do podanych kryteriów
Rozkład punktacji
Procent ludzi z każdym wynikiem
Percentyl według liczby udzielonych odpowiedzi
Twoja historia wyników
Nie rozwiązałeś tego quizu